Α.Δελμούζος : η ζωή του επιλογή από το έργο του
Αποθηκεύτηκε σε:
| Κύριος συγγραφέας: | |
|---|---|
| Μορφή: | Βιβλίο |
| Γλώσσα: | Greek |
| Δημοσίευση: |
Αθήνα :
Μορφωτικό Ιδρυμα Εθνικής Τραπέζης,
1978
|
| Σειρά: | Νεοελληνική προσωπογραφία
|
| Θέματα: | |
| Ετικέτες: |
Προσθήκη ετικέτας
Δεν υπάρχουν, Καταχωρήστε ετικέτα πρώτοι!
|
MARC
| LEADER | 00000cam a2200000 i 4500 | ||
|---|---|---|---|
| 001 | 1/47700 | ||
| 008 | 961206s1978 gr | ||| |||| ||gre|| | ||
| 035 | |l 10026545 | ||
| 040 | |a GR-MY-UA |b gre |e aacr | ||
| 041 | 0 | |a gre | |
| 082 | 0 | |a 370.924 | |
| 100 | 1 | |a Παπανούτσος, Ευάγγελος Π., |d 1900-1982. | |
| 245 | 1 | 0 | |a Α.Δελμούζος : |b η ζωή του επιλογή από το έργο του / |c Ε.Π.Παπανούτσος |
| 260 | |a Αθήνα : |b Μορφωτικό Ιδρυμα Εθνικής Τραπέζης, |c 1978 | ||
| 300 | |a 300 σ. | ||
| 490 | 1 | |a Νεοελληνική προσωπογραφία | |
| 500 | |a Περιλαμβάνει ευρετήριο | ||
| 600 | 1 | 0 | |a Δελμούζος, Αλέξανδρος Π., |d 1880-1956. |
| 650 | 0 | 0 | |a Education |z Greece. |
| 650 | 0 | 0 | |a Educators |z Greece |x Biography. |
| 830 | 0 | |a Νεοελληνική προσωπογραφία | |
| 852 | |a INST |b CHIOS |e 19961206 |h 370.924 ΠΑΠ |p 005200012037 |q 005200012037 |t BK |y 0 | ||
| 852 | |a INST |b CHIOS |e 19961206 |h 370.924 ΠΑΠ |p 005200012041 |q 005200012041 |t BK |y 0 | ||
| 909 | |a Χ |b 001190 | ||
| 909 | |a Χ |b 001189 | ||